<?xml version="1.0" encoding="UTF-8"?>
<record
    xmlns:xsi="http://www.w3.org/2001/XMLSchema-instance"
    xsi:schemaLocation="http://www.loc.gov/MARC21/slim http://www.loc.gov/standards/marcxml/schema/MARC21slim.xsd"
    xmlns="http://www.loc.gov/MARC21/slim">

  <leader>02064nab a2200253uuc4500</leader>
  <controlfield tag="001">1349476</controlfield>
  <controlfield tag="005">20240202113049.0</controlfield>
  <controlfield tag="008">131112e20130701                    spa  </controlfield>
  <datafield tag="035" ind1=" " ind2=" ">
    <subfield code="a">1349476</subfield>
  </datafield>
  <datafield tag="040" ind1=" " ind2=" ">
    <subfield code="c">comduadb</subfield>
  </datafield>
  <datafield tag="041" ind1=" " ind2=" ">
    <subfield code="a">spa</subfield>
  </datafield>
  <datafield tag="100" ind1="1" ind2="0">
    <subfield code="a">Gonz&#xE1;lez Galb&#xE1;n, Humberto</subfield>
    <subfield code="4">aut</subfield>
    <subfield code="e">aut</subfield>
    <subfield code="9">615086</subfield>
  </datafield>
  <datafield tag="245" ind1="1" ind2="0">
    <subfield code="a">Dise&#xF1;o y aplicaci&#xF3;n en Cuba de un constructo para identificar dimensiones sociales de la discriminaci&#xF3;n por VIH/sida</subfield>
  </datafield>
  <datafield tag="520" ind1="3" ind2=" ">
    <subfield code="a">Objetivo. Dise&#xF1;ar un instrumento que permita identificar dimensiones sociales de la discriminaci&#xF3;n contra las perso- nas con VIH y mostrar su aplicaci&#xF3;n en Cuba. Material y 
m&#xE9;todos. Combinaci&#xF3;n de metodolog&#xED;a cualitativa y cuanti- tativa para la operacionalizaci&#xF3;n de un constructo; inserci&#xF3;n del instrumento en las encuestas de prevenci&#xF3;n del VIH aplicadas en Cuba en 2005, 2006 y 2009 y desarrollo de las t&#xE9;cnicas estad&#xED;sticas de an&#xE1;lisis factorial y de las K-medias, para conocer dimensiones sociales de la discriminaci&#xF3;n. Resultados. Se construy&#xF3; un instrumento que permiti&#xF3; obtener un diagn&#xF3;stico sobre las actitudes discriminatorias m&#xE1;s frecuentes contra las personas con VIH en el &#xE1;mbito de la vida social cotidiana de los cubanos, clasificar dicha poblaci&#xF3;n seg&#xFA;n niveles de actitudes discriminatorias y co- nocer algunas de las dimensiones sociales de este fen&#xF3;meno. Conclusiones. Es posible disponer de una herramienta que posibilite dictaminar actitudes discriminatorias en una po- blaci&#xF3;n determinada, focalizar acciones y evaluar tendencias sobre su comportamiento.</subfield>
  </datafield>
  <datafield tag="650" ind1=" " ind2=" ">
    <subfield code="a">Discriminaci&#xF3;n social</subfield>
    <subfield code="9">119465</subfield>
  </datafield>
  <datafield tag="650" ind1=" " ind2="7">
    <subfield code="a">Infecciones por VIH</subfield>
    <subfield code="2">lemb</subfield>
    <subfield code="9">50349</subfield>
  </datafield>
  <datafield tag="650" ind1=" " ind2=" ">
    <subfield code="a">SIDA - Aspectos sociales</subfield>
    <subfield code="9">159386</subfield>
  </datafield>
  <datafield tag="650" ind1=" " ind2=" ">
    <subfield code="a">SIDA - Cuba</subfield>
    <subfield code="9">181395</subfield>
  </datafield>
  <datafield tag="700" ind1="1" ind2="0">
    <subfield code="a">Iglesias Linares, Mildred</subfield>
    <subfield code="4">aut</subfield>
    <subfield code="e">aut</subfield>
    <subfield code="9">681202</subfield>
  </datafield>
  <datafield tag="700" ind1="1" ind2="0">
    <subfield code="a">Mena Mart&#xED;nez,, Mercedes</subfield>
    <subfield code="4">aut</subfield>
    <subfield code="e">aut</subfield>
    <subfield code="9">690482</subfield>
  </datafield>
  <datafield tag="700" ind1="1" ind2="0">
    <subfield code="a">Boj&#xF3;rquez Chapela, Ietza Roc&#xED;o</subfield>
    <subfield code="4">aut</subfield>
    <subfield code="e">aut</subfield>
    <subfield code="9">680893</subfield>
  </datafield>
  <datafield tag="773" ind1="0" ind2=" ">
    <subfield code="t">Salud P&#xFA;blica de M&#xE9;xico (M&#xE9;xico)</subfield>
    <subfield code="g">Vol. 55, No. 04, Jul.-Ago. 2013, p. 399-407</subfield>
    <subfield code="w">356363</subfield>
    <subfield code="x">0036-3634</subfield>
    <subfield code="0">112116</subfield>
  </datafield>
  <datafield tag="942" ind1=" " ind2=" ">
    <subfield code="c">ARIMP</subfield>
  </datafield>
  <datafield tag="999" ind1=" " ind2=" ">
    <subfield code="c">661806</subfield>
    <subfield code="d">661806</subfield>
  </datafield>
</record>
